LEADER 01027nam0 22002771i 450 001 UON00076011 005 20231205102410.764 100 $a20020107d1957 |0itac50 ba 101 $afre 102 $aFR 105 $a|||| ||||| 200 1 $aMission terminée$fMongo Beti 210 $aEditions Buchet/Chestel$dc1957 215 $a254 p.$d19 cm 606 $aROMANZI AFRICANI (lett. francofona)$xCamerun$3UONC022857$2FI 620 $aFR$dParis$3UONL002984 686 $aCAM843$cROMANZI AFRICANI (lett. francofona) - Camerun$2A 700 0$aMONGO Beti$3UONV048779$0242938 712 $aBuchet-Chastel$3UONV272968$4650 790 1$aBETI, Mongo$zMONGO Beti$3UONV048780 801 $aIT$bSOL$c20240220$gRICA 899 $aSIBA - SISTEMA BIBLIOTECARIO DI ATENEO$2UONSI 912 $aUON00076011 950 $aSIBA - SISTEMA BIBLIOTECARIO DI ATENEO$dSI A Afr LETT F a 006 $eSI AA 6923 5 006 996 $aMission términée$920737 997 $aUNIOR